000 004600000a22001810004500
003 MACL
005 20160123125507.0
008 160123b xxu||||| |||| 00| 0 eng d
040 _aMACL
_cMACL
041 _aEnglish
082 _a540/SIN
100 _aSingh, Ashish
_934273
245 _aConceptual Problems in Chemistry
260 _bJai Prakash Nath Publication
_c2002
_aMeerut
350 _a120
650 _aChemistry
_934275
942 _cBK
_k540/Sin
_2ddc
999 _c33168
_d33168